The misadventures of Salem Hyde. 1, Spelling ... Read More
Available copies
- 2 of 2 copies available at LARL/NWRL Consortium.
Current holds
0 current holds with 2 total copies.
Show Only Available Copies
| Location | Call Number / Copy Notes | Barcode | Shelving Location | Status | Due Date |
|---|---|---|---|---|---|
| Detroit Lakes Public Library | J G CAM (Text) | 33500011809308 | Main | Available | - |
| Moorhead Public Library | J G CAM (Text) | 33500011809316 | Main | Available | - |
Record details
- ISBN: 9781419708039
- ISBN: 1419708031
- ISBN: 9781419708046
- ISBN: 141970804X
- Physical Description: 94 pages : chiefly illustrations ; 20 cm
- Publisher: New York : Amulet Books, 2013.
Content descriptions
| Summary, etc.: | To help her stay out of trouble, her parents find ... Read More |
Search for related items by subject
| Genre: | Fantasy comic books, strips, etc. Graphic novels. Comic books, strips, etc. |
Search for related items by series
| LDR | 02260cam a2200517Ii 4500 | ||
|---|---|---|---|
| 001 | 161831 | ||
| 003 | LARL_NWRL_CONSORTIUM | ||
| 005 | 20140312085301.0 | ||
| 008 | 130131s2013 nyua b 6 001 1 eng d | ||
| 019 | . | ‡a826293871 | |
| 020 | . | ‡a9781419708039 | |
| 020 | . | ‡a1419708031 | |
| 020 | . | ‡a9781419708046 | |
| 020 | . | ‡a141970804X | |
| 035 | . | ‡a(OCoLC)826293870 ‡z(OCoLC)826293871 | |
| 082 | 0 | 4. | ‡a741.5/973 ‡223 |
| 100 | 1 | . | ‡aCammuso, Frank. ‡0(LARL_NWRL_CONSORTIUM)186300 |
| 245 | 1 | 4. | ‡aThe misadventures of Salem Hyde. ‡n1, ‡pSpelling trouble / ‡cFrank Cammuso. |
| 246 | 3 | 0. | ‡aSalem Hyde. ‡n1, ‡pSpelling trouble |
| 246 | 3 | 0. | ‡aSpelling trouble |
| 260 | . | ‡aNew York : ‡bAmulet Books, ‡c2013. | |
| 300 | . | ‡a94 pages : ‡bchiefly illustrations ; ‡c20 cm | |
| 336 | . | ‡atext ‡astill image ‡2rdacontent | |
| 337 | . | ‡aunmediated ‡2rdamedia | |
| 338 | . | ‡avolume ‡2rdacarrier | |
| 490 | 0 | . | ‡aMisadventures of Salem Hyde ; ‡v1 |
| 520 | . | ‡aTo help her stay out of trouble, her parents find young witch Salem Hyde an animal companion, Percival J. Whamsford III. They do not much like each other, but when Salem enters the school spelling bee and tries to "spell" her way to victory, she needs Whammy's help. | |
| 650 | 0. | ‡aWitches ‡vComic books, strips, etc. | |
| 650 | 0. | ‡aMagic ‡vComic books, strips, etc. | |
| 650 | 0. | ‡aSpelling bees ‡vComic books, strips, etc. | |
| 650 | 0. | ‡aSchools ‡vComic books, strips, etc. | |
| 650 | 0. | ‡aWitches ‡vComic books, strips, etc. ‡vJuvenile fiction. | |
| 650 | 0. | ‡aMagic ‡vComic books, strips, etc. ‡vJuvenile fiction. | |
| 650 | 0. | ‡aSpelling bees ‡vComic books, strips, etc. ‡vJuvenile fiction. | |
| 650 | 0. | ‡aSchools ‡vComic books, strips, etc. ‡vJuvenile fiction. | |
| 655 | 0. | ‡aFantasy comic books, strips, etc. | |
| 655 | 0. | ‡aGraphic novels. | |
| 655 | 7. | ‡aComic books, strips, etc. ‡2gsafd | |
| 901 | . | ‡a161831 ‡bOCLC ‡c161831 ‡tbiblio | |

Add to basket
Permalink
Disable Highlighting